Music Quiz

Random Music or Album Quiz

Florence + the Machine songs Quiz Stats

Quiz not verified by Sporcle

Also try: Bands' Hometown
Challenge
Share
Tweet
Embed
Score 0/25 Timer 08:00
0 Plays Today
Album Song % Correct
LungsDog Days Are Over
91.3%
CeremonialsShake It Out
89.7%
LungsCosmic Love
85.1%
LungsRabbit Heart (Raise It Up)
82.1%
LungsDrumming Song
80%
CeremonialsWhat The Water Gave Me
80%
CeremonialsNo Light, No Light
80%
LungsKiss With A Fist
75.4%
CeremonialsOnly If for a Night
75.4%
CeremonialsSeven Devils
74.4%
CeremonialsSpectrum
74.4%
LungsGirl With One Eye
71.8%
LungsYou've Got The Love
71.8%
Album Song % Correct
LungsHurricane Drunk
70.8%
LungsBetween Two Lungs
70.3%
LungsMy Boy Builds Coffins
70.3%
CeremonialsNever Let Me Go
68.7%
CeremonialsHeartlines
67.7%
LungsHowl
66.7%
LungsBlinding
64.6%
CeremonialsLover to Lover
61.5%
CeremonialsBreaking Down
61%
CeremonialsAll This And Heaven Too
61%
LungsI'm Not Calling You A Liar
60.5%
CeremonialsLeave My Body
58.5%

You're not logged in!

Compare scores with friends on all Sporcle quizzes.
Sign Up with Email
OR
Log In

You Might Also Like...

Show Comments

Extras

Top Quizzes Today


Score Distribution

Your Account Isn't Verified!

In order to create a playlist on Sporcle, you need to verify the email address you used during registration. Go to your Sporcle Settings to finish the process.